| 000 | 02060cam a22004814i 4500 | ||
|---|---|---|---|
| 003 | PE-LiUPU | ||
| 005 | 20250731172900.0 | ||
| 008 | 170109s2013 xxua 0rb 001 0 eng d | ||
| 020 | _a1433515644 | ||
| 020 | _a9781433515644 | ||
| 035 | _a(Sirsi) a165909 | ||
| 040 |
_aPE-LiUPU _bspa _cPE-LiUPU _erda |
||
| 049 | _aPRUA | ||
| 082 | 0 | 4 |
_a230.7092 _bS21 _223 |
| 100 |
_aSanders, Fred _q(Fred R.)., _eautor. |
||
| 245 | 1 | 0 |
_aWesley on the Christian life : _bthe heart renewed in love / _cFred Sanders. |
| 264 | 1 |
_aWheaton, Illinois : _bCrossway, _c[2013] |
|
| 300 |
_a262 páginas.: _bilustraciones ; _c23 centimetros. |
||
| 336 |
_atext _2rdacontent |
||
| 337 |
_aunmediated _2rdamedia |
||
| 338 |
_avolume _2rdacarrier |
||
| 490 | 1 | _aTheologians on the Christian life | |
| 504 | _aBibliografía :páginas final de cada capítulo | ||
| 504 | _aÍndices: páginas 255-262. | ||
| 505 | 0 | _aJohn Wesley as a Spiritual Guide -- Born Again (and the Pastor Who Wasn't) -- Heart Religion -- The Theologian of 1 John -- The Lord Our Righteousness -- Grace First, Then Law -- The Means of Grace -- Saved to the Uttermost -- Catholic Spirit -- The Trinitarian Theology of John Wesley -- Volumes Cited from The Bicentennial Edition of the Works of John Wesley. | |
| 526 | _aSEG42 | ||
| 526 | _aSEG41 | ||
| 526 | _aSEG40 | ||
| 526 | _aSEG39 | ||
| 526 | _aP94 | ||
| 526 | _aP87 | ||
| 526 | _aP86 | ||
| 526 | _aP85 | ||
| 526 | _aP77 | ||
| 526 | _aP76 | ||
| 526 | _aP35 | ||
| 910 |
_ajck _bjvq _cjck _d20170109 |
||
| 942 |
_2ddc _cBOOK |
||
| 949 |
_a230.7092 S21 _wDEWEY _c1 _i75506 _lCATALOGING _mBUL _p8.00 _r0 _sY _tBOOK _u2017-01-09 _xTEOLOGIA _zPOSGRADO TEOLOGÍA _0COMPRA _o.CIRCNOTE. El documento es de alto precio. _o.STAFF. Colección Teología |
||
| 596 | _a1 | ||
| 999 |
_a230.7092 S21 _wLC _c14644 _i75506 _d14644 _e2017-6-23 _f2021-11-9 _g5 _lCCODEBUL1 _mBUL _n1 _p8.00 _q1 _r0 _sY _tBOOK _u2017-1-9 _xTEOLOGIA _PP85 _0COMPRA _o.STAFF. Colección Teología |
||
| 980 |
_81 _gALBERTO SANCHEZ Responsable de Automatización |
||